Koncepčný návrh hydraulického štiepacieho zariadenia
Guardado en:
| Autor principal: | |
|---|---|
| Otros Autores: | |
| Formato: | Manuscrito Libro |
| Lenguaje: | eslovaco |
| Publicado: |
2023
|
| Materias: | |
| Acceso en línea: | http://is.stuba.sk/zp/portal_zp.pl?podrobnosti=163588 |
| Etiquetas: |
Sin Etiquetas, Sea el primero en etiquetar este registro!
|
MARC
| LEADER | 00000ntm a22000003a 4500 | ||
|---|---|---|---|
| 001 | stuzp94629 | ||
| 003 | SK-STU | ||
| 005 | 20231205110102.5 | ||
| 007 | ta | ||
| 008 | 150427s2015----xo-----f-mn---000-0-slo-d | ||
| 040 | |a STU |b slo | ||
| 041 | 0 | |a slo | |
| 100 | 1 | |a Oltman, Marek |u 020030 |4 aut |U SjF Strojnícka fakulta |T SjF Ústav dopravnej techniky a konštruovania |X 111628 |U J0030 |Y 806 |7 111628 | |
| 242 | 0 | 1 | |a Conceptual design of hydraulic log splitter |y eng |
| 245 | 1 | 0 | |a Koncepčný návrh hydraulického štiepacieho zariadenia |
| 260 | |c 2023 | ||
| 650 | 4 | |a štiepanie dreva |2 slo | |
| 650 | 4 | |a tlak |2 slo | |
| 650 | 4 | |a štiepačka |2 slo | |
| 650 | 4 | |a priamočiary hydromotor |2 slo | |
| 650 | 4 | |a hydraulický olej |2 slo | |
| 650 | 4 | |a linear hydraulic motor |2 eng | |
| 650 | 4 | |a log splitter |2 eng | |
| 650 | 4 | |a hydraulic oil |2 eng | |
| 650 | 4 | |a pressure |2 eng | |
| 650 | 4 | |a log splitting |2 eng | |
| 700 | 1 | |a Protasov, Roman |u 020030 |k Z1 |4 ths |U SjF Strojnícka fakulta |T SjF Ústav dopravnej techniky a konštruovania |X 101680 |U J0030 |Y 806 |7 101680 | |
| 856 | 4 | |u http://is.stuba.sk/zp/portal_zp.pl?podrobnosti=163588 | |
| 996 | |b 284J047267 |c J* 3507/BP |l JJSK |s A |a 24 |w stuzp94629_0001 | ||
| 996 | |b 284J047268 |c J* 3508/DBP |l JJSK |s A |a 24 |w stuzp94629_0002 | ||